000 00765cab a2200265 4500
001 ABS56283
008 090401t1996 xxu||||| |||| 00| 0 eng d
035 _a(Sirsi) u22526
041 _aeng
100 _aJordan, D.
245 _aTransfer of going concerns - II
260 _c1996
350 _a0
490 _aTaxation
_v138(3581) 14 November 1996, 191-192(2)
520 _aConsiders the VAT consequences of buying and selling a business, with regard to land, property and the Capital Goods Scheme.
650 _aASSET VALUATION
650 _aCAPITAL GOODS SCHEME
650 _aGOING CONCERNS
650 _aPROPERTY SALES
650 _aVALUE ADDED TAX
650 _aVALUE ADDED TAX
690 _aTAXATION
942 _n0
948 _c04/03/1997
999 _c15095
_d15095